| 000 | 00538nam a2200181Ia 4500 | ||
|---|---|---|---|
| 008 | 151018s9999 xx 000 0 und d | ||
| 082 |
_bRBASDV31344 _a891.433 |
||
| 100 | _aशर्मा सिंह | ||
| 245 | _aप्रेमांचल | ||
| 250 | _b1 | ||
| 260 |
_bसंजीव प्रकाशन _c2000 |
||
| 300 | _a182 | ||
| 600 | _aशर्मा सिंह | ||
| 630 | _aप्रेमांचल | ||
| 700 | _aशर्मा सिंह | ||
| 730 | _aप्रेमांचल | ||
| 942 | _cBOOK | ||
| 999 |
_c1030877 _d1030874 |
||